| 000 | 00830nam a2200229 c 4500 | ||
|---|---|---|---|
| 005 | 20200310091530.0 | ||
| 008 | 200310s2015 sp a|||fr|||| 00| 0 spa d | ||
| 020 | _a9788494107535 (2a.Ed.) | ||
| 040 |
_aCO-BoUCM _bspa _cDeissy Garcia _dDeissy Garcia |
||
| 041 | 0 | _aspa | |
| 060 | _aBF 318 | ||
| 100 | 1 |
_aGoddard, Sally _9100297 |
|
| 245 | 1 | 0 |
_aReflejos, aprendizaje y comportamiento _buna ventana abierta para entender la mente y el comportamiento de niños y adultos |
| 250 | _a2a.Ed. | ||
| 260 |
_bVida Kinesiología _c2015 _aBarcelona |
||
| 300 |
_a209 páginas _bilustraciones |
||
| 504 | _aIncluye referencias bibliográficas e índices | ||
| 650 | 1 | 7 |
_aAprendizaje _99256 |
| 650 | 1 | 7 |
_aConducta (Psicología) _911512 |
| 650 | 1 | 7 |
_922817 _aPsicología del aprendizaje |
| 942 |
_cLIBRO _2NLM _a9 _e6 _hBF 318 _mG578r |
||
| 999 |
_c317316 _d317316 |
||